| 000 | 01128nam0a2200313 4500 | ||
|---|---|---|---|
| 001 | RU\NLR\bibl\1221164 | ||
| 005 | 20260405172550.0 | ||
| 010 |
_a978-5-9567-0044-0 _bВаш аквариум |
||
| 010 |
_a978-5-94194-127-8 _bАквариум от А до Я _94000 |
||
| 021 |
_aRU _b2008-16733 _9913 |
||
| 021 |
_aRU _b2008-21491 _91179 |
||
| 035 | _a(NLR Aleph) 001207516 | ||
| 090 |
_a57078 _c57078 |
||
| 100 | _a20080428d2008 |||y0rusy50 ca | ||
| 101 | 0 | _arus | |
| 102 | _aRU | ||
| 105 | _aa ||||||||| | ||
| 200 | 1 |
_aВаш аквариум от А до Я _fЕ. Пыльцына |
|
| 210 |
_aРостов-на-Дону _cВЛАДИС _aМосква _cРИПОЛ Классик _d2008 |
||
| 215 |
_a638 с., [16] л. цв. ил. _cил. _d21 |
||
| 320 | _aАлф. указ.: с. 615-622 | ||
| 606 | 1 |
_aРыбы аквариумные _9938455 _3RU\NLR\auth\6628137 |
|
| 686 | _aП729.9 | ||
| 700 | 1 |
_4070 _8rus _7ca _aПыльцына _bЕ. Е. _gЕлена Евгеньевна _3RU\NLR\auth\7774059 _956987 |
|
| 801 | 0 |
_aRU _bNLR _c20080428 _gRCR |
|
| 801 | 1 |
_aRU _bNLR _c20080428 |
|
| 942 | _cBOOK | ||
| 980 | _aNB | ||